000 00726nam a2200253Ia 4500
003 OSt
005 20221006143343.0
006 a|||||r|||| 00| 0
007 ta
008 221006b |||||||| |||| 00| 0 eng d
020 _c£90.00(each)
024 _a8,745
037 _cTextual
040 _aEASL
_cEASL
_beng
041 _2eng
_aeng
082 _aX8(J):(Y:4:7).42.N5, L0
100 _aOHKAWA Kazushi etc. Ed.
245 0 _aAgriculture and economic growth
_b Japan's experience
260 _aTokyo
_bPrinceton University Press Japan
_c1970
300 _a433p.
_ccm.
490 _v 1 JEL
942 _hX8(J):(Y:4:7).42.N5, L0
_cTEXL
_2CC
999 _c1076831
_d1076831